Statistics for Smallest Capital City Names

Click here to take the quiz!

General Stats

  • This quiz has been taken 38 times
    (18 since last reset)
  • The average score is 24 of 36

Answer Stats

ContinentCapital% Correct
South AmericaLá Paz
87%
EuropeOslo
87%
EuropeParis
87%
EuropeRome
87%
OceaniaApia
80%
AfricaCairo
80%
South AmericaQuito
80%
AsiaTokyo
80%
EuropeBern
73%
AsiaHanoi
73%
AfricaJuba
73%
South AmericaLima
73%
AfricaLome
73%
AsiaMale
73%
EuropeMinsk
73%
EuropeRiga
73%
AsiaSeoul
73%
OceaniaSuva
73%
AfricaTunis
73%
AsiaBaku
67%
EuropeKiev
67%
EuropeVaduz
67%
AfricaAbuja
60%
AfricaDakar
60%
AsiaDhaka
60%
AsiaDili
60%
AfricaRabat
60%
South AmericaSucre
60%
OceaniaYaren
60%
AsiaDoha
53%
AfricaPraia
53%
AsiaSana'a
53%
EuropeSofia
53%
AfricaAccra
47%
AsiaKabul
40%
AsiaAmman
33%

Score Distribution

Percentile by Number Answered

Percent of People with Each Score

Your Score History

You have not taken this quiz since the last reset